Assessing the impacts of the Deepwater Horizon Oil Spill : the National Status and Trends Program response : a summary report of coastal contamination /

Bibliographic Details
Main Author: Apeti, Dennis A. (Author)
Format: Government Document eBook
Language:English
Published: Silver Spring, Md. : U.S. Department of Commerce, National Oceanic and Atmospheric Administration, National Ocean Service, National Centers for Coastal Ocean Science, Center for Coastal Monitoring and Assessment, 2013.
Series:NOAA technical memorandum NOS NCCOS ; 167.
Subjects:
Online Access:https://purl.fdlp.gov/GPO/gpo79464

MARC

Tag First Indicator Second Indicator Subfields
LEADER 00000cam a2200000 i 4500
001 in00003831349
005 20211120182053.0
006 m o d f
007 cr mn|||||||||
008 141202s2013 mduab ob f000 0 eng c
035 |a (OCoLC)ocn897205176 
040 |a OLA  |b eng  |e rda  |e pn  |c OLA  |d OCLCQ  |d GPO  |d MvI  |d UtOrBLW 
042 |a pcc 
043 |a nm----- 
049 |a WWW 
074 |a 0208-C-13 (online) 
086 0 |a C 55.13/2:NOS NCCOS 167 
100 1 |a Apeti, Dennis A.,  |e author.  |0 http://id.loc.gov/authorities/names/no2009158381 
245 1 0 |a Assessing the impacts of the Deepwater Horizon Oil Spill :  |b the National Status and Trends Program response : a summary report of coastal contamination /  |c Dennis Apeti [and six others]. 
246 3 0 |a National Status and Trends Program response :  |b a summary report of coastal contamination 
264 1 |a Silver Spring, Md. :  |b U.S. Department of Commerce, National Oceanic and Atmospheric Administration, National Ocean Service, National Centers for Coastal Ocean Science, Center for Coastal Monitoring and Assessment,  |c 2013. 
300 |a 1 online resource (16 pages) :  |b color illustrations, color map. 
336 |a text  |b txt  |2 rdacontent 
337 |a computer  |b c  |2 rdamedia 
338 |a online resource  |b cr  |2 rdacarrier 
490 1 |a NOAA technical memorandum NOS NCCOS ;  |v 167 
500 |a "March 2013." 
504 |a Includes bibliographical references (pages 15-16). 
538 |a System requirements: Adobe Acrobat Reader. 
588 |a Description based on online resource; title from PDF title page (viewed on December 1, 2014). 
610 2 0 |a National Status and Trends Program (U.S.)  |0 http://id.loc.gov/authorities/names/n87859619 
650 0 |a BP Deepwater Horizon Explosion and Oil Spill, 2010  |x Environmental aspects  |x Monitoring. 
650 0 |a Oil spills  |x Environmental aspects  |z Mexico, Gulf of. 
650 0 |a Coastal ecosystem health  |z Mexico, Gulf of. 
710 2 |a Center for Coastal Monitoring and Assessment (U.S.),  |e issuing body.  |0 http://id.loc.gov/authorities/names/no99037391 
830 0 |a NOAA technical memorandum NOS NCCOS ;  |v 167.  |0 http://id.loc.gov/authorities/names/n2004015004 
856 4 0 |u https://purl.fdlp.gov/GPO/gpo79464  |t 0 
999 f f |s 2dae36af-c501-3486-800c-31f7abf05ec6  |i 63fdee1e-ade8-3be4-947c-5f19a699b807  |t 0 
952 f f |a Texas A&M University  |b College Station  |c Electronic Resources  |d Available Online  |t 0  |e C 55.13/2:NOS NCCOS 167  |h Superintendent of Documents classification 
998 f f |a C 55.13/2:NOS NCCOS 167  |t 0  |l Available Online